Jednorozměrný člověk. Studie o ideologii rozvinuté industriální společnosti /

Gespeichert in:
Bibliographische Detailangaben
1. Verfasser: Marcuse, Herbert (Verfasst von)
Format: Buch
Sprache:Tschechisch
Veröffentlicht: Praha : Naše vojsko, 1991
Ausgabe:1.vyd.
Tags: Tag hinzufügen
Keine Tags, Fügen Sie das erste Tag hinzu!

MARC

LEADER 00000nam a22000003a 4500
001 stu905
005 20150617225621.9
008 911218s1991----cs------------------cze-d
020 |a 80-206-0075-2 
040 |a STU  |b slo 
041 0 |a cze 
044 |a cs 
080 |a 301.15 
080 |a 17 
100 1 |a Marcuse, Herbert  |4 aut 
245 1 |a Jednorozměrný člověk. Studie o ideologii rozvinuté industriální společnosti /  |c [aut.] Marcuse,Herbert 
250 |a 1.vyd. 
260 |a Praha :  |b Naše vojsko,  |c 1991 
300 |a 190 s 
996 |b E75813  |c R*75813  |l RRUM  |s A  |a 24  |w stu905_0001 
996 |b E75814  |c R*75814  |l RRUM  |s A  |a 24  |w stu905_0002